000 00661nam a2200157Ia 4500
008 100122s9999 xx 000 0 und d
082 _b73495
_a823
100 _aअष्टीकर मंदाकिनी
245 _aसंस्कार मंदिराचा- मांगल्य कुंकवाचे
250 _a1
260 _bनिशिगंधा प्रकाशन
_c2008
300 _a200
630 _aसंस्कार मंदिराचा- मांगल्य कुंकवाचे
730 _aसंस्कार मंदिराचा- मांगल्य कुंकवाचे
942 _cBOOK
999 _c389436
_d389433